=LDR 00000nam 2200000 4500 =001 000941 =005 20250712011251 =035 ##$$a 0010-0725000819 =007 ta =008 250712################a##########0#ind## =020 ##$$a 978-623-307-450-6 =082 ##$$a 398. 209 598 =084 ##$$a 398. 209 598 MIS g =100 #$$a Misra, Lovleen =245 1#$$a Gadis Bernama Cheeku /$c Lovleen Misra =250 ##$$a Cetakan Pertama =260 ##$$a Jakarta Timur :$b Badan Pengembangan dan Pembinaan Bahasa,$c 2024 =300 ##$$a 16 hlm. : $b Ilus. ; $c 29 cm =650 #4$$a Cerita anak Indonesia-Terjemahan =650 #4$$a Literasi-Bahan Bacaan =990 ##$$a TBM202400631